Click the Harry Potter character-Easy - Statistics

General Stats
  • This quiz has been taken 261 times
  • The average score is 14 of 15
Answer Stats
Hint Answer % Correct
Harry Potter
100%
Hermione Granger
99%
Ron Weasley
99%
Albus Dumbledore
97%
Sirius Black
96%
Draco Malfoy
96%
Luna Lovegood
95%
Severus Snape
95%
Bellatrix Lestrange
94%
Minerva Mcgonagall
94%
Tom Riddle
94%
Rubeus Hagrid
93%
Dolores Umbridge
92%
Parvati Patil
91%
Sybil Trelawney
85%
No matching quizzes found
Score Distribution
Percent of People with Each Score
Percentile by Number Answered
Your Score History
You have not taken this quiz